Statistics for U.S. States With The Most Bigfoot Sightings

Click here to take the quiz!

General Stats

  • This quiz has been taken 35 times
  • The average score is 8 of 10

Answer Stats

SightingsAnswer% Correct
573Washington
97%
427California
93%
234Oregon
90%
199Texas
80%
115Colorado
77%
240Ohio
73%
178Michigan
70%
266Florida
63%
114Georgia
60%
245Illinois
53%

Score Distribution

Percentile by Number Answered

Percent of People with Each Score

Your Score History

You have not taken this quiz